Statistics for The Americas Geography by Letter - O

Click here to take the quiz!

General Stats

  • This quiz has been taken 24,564 times
  • The average score is 11 of 18

Answer Stats

ClueAnswer% Correct
City near Disney WorldOrlando
97%
Midwestern U.S. stateOhio
95%
Northwestern U.S. stateOregon
93%
Capital of CanadaOttawa
93%
Neighbor of TexasOklahoma
90%
Canadian provinceOntario
88%
Biggest city in NebraskaOmaha
76%
Reliable geyser at YellowstoneOld Faithful
74%
County of wealthy Los Angeles suburbsOrange
73%
Capital of Washington stateOlympia
62%
City across the bay from San FranciscoOakland
61%
Hilly region of Arkansas and MissouriOzarks
52%
Barrier islands of North CarolinaOuter Banks
35%
State in southwestern Mexico that
is famous for mole sauce
Oaxaca
27%
Florida's biggest lakeOkeechobee
27%
Home of the University of MississippiOxford
24%
Mountain chain in western
Washington state
Olympics
23%
Rhode Island's nickname{Ocean} State
22%

Score Distribution

Percentile by Number Answered

Percent of People with Each Score

Your Score History

You have not taken this quiz